000 01146nam a22003497a 4500
001 0048998
003 KOHA_MİRAKIL
005 20260207003635.0
007 ta
008 150629b2013 tu |||gr||||#||||1|tur |
020 _a9786051068008
_q
040 _aTR-BiSEU
_btur
_cTR-BiSEU
_erda
041 0 _atur
044 _ctu
050 _aPS3556.I39
_bS56 2013
100 1 _aField, Syd.
245 1 _aSinemaya gidiyoruz/
_cSyd Field ; Syd Field ; çeviri Burcu Yasemin Şeyben ; yayına hazırlayan Zeynep Nuhoğlu ; yayın yönetmeni Mustafa Küpüşoğlu..
264 1 _aİstanbul :
_bAlfa Yayınları
_c2013
300 _a340 sayfa ;
_c21 cm.
336 _ametin
_btxt
_2rdacontent
337 _aaracısız
_bn
_2rdamedia
338 _acilt
_bnc
_2rdacarrier
490 1 _aAlfa ;
_v2508.
490 1 _aSinema-Tiyatro ;
_v6
500 _aDizin var.
650 0 _aScreenwriters--United States--Biography.
_989907
650 0 _aMotion picture industry--United States--History.
_989908
650 0 _aMotion picture authorship.
_985323
830 1 _aAlfa ;
_v2508.
_94684
830 1 _aSinema-Tiyatro ;
_v6
_989906
942 _2lcc
_cBK
999 _c48837
_d48837